Das Arbeitsgesetz der Vereinigten Arabischen Republik / (Record no. 44917)
[ view plain ]
| 000 -LEADER | |
|---|---|
| fixed length control field | 00656cam a22002171a 4500 |
| 001 - CONTROL NUMBER | |
| control field | ne 61000033 |
| 003 - CONTROL NUMBER IDENTIFIER | |
| control field | DLC |
| 005 - DATE AND TIME OF LATEST TRANSACTION | |
| control field | 20260227111733.0 |
| 008 - FIXED-LENGTH DATA ELEMENTS--GENERAL INFORMATION | |
| fixed length control field | 911217s1959 gw 000 0 ger |
| 010 ## - LIBRARY OF CONGRESS CONTROL NUMBER | |
| LC control number | ne 61000033 |
| 035 ## - SYSTEM CONTROL NUMBER | |
| System control number | (OCoLC)25522629 |
| 040 ## - CATALOGING SOURCE | |
| Original cataloging agency | DLC |
| Transcribing agency | NNC-L |
| Modifying agency | DLC |
| 042 ## - AUTHENTICATION CODE | |
| Authentication code | premarc |
| 043 ## - GEOGRAPHIC AREA CODE | |
| Geographic area code | f-ua--- |
| 050 00 - LIBRARY OF CONGRESS CALL NUMBER | |
| Classification number | KRM1264.31959 |
| Item number | .A67 1959 |
| 110 1# - MAIN ENTRY--CORPORATE NAME | |
| Corporate name or jurisdiction name as entry element | United Arab Republic. |
| 245 14 - TITLE STATEMENT | |
| Title | Das Arbeitsgesetz der Vereinigten Arabischen Republik / |
| Statement of responsibility, etc. | aus dem Arabischen übersetet von Norbert F. Küppers. |
| 260 ## - PUBLICATION, DISTRIBUTION, ETC. | |
| Place of publication, distribution, etc. | Frankfurt/Main : |
| Name of publisher, distributor, etc. | Verlag Kommentator, |
| Date of publication, distribution, etc. | 1959. |
| 300 ## - PHYSICAL DESCRIPTION | |
| Extent | 83 p. ; |
| Dimensions | 21 cm. |
| 700 1# - ADDED ENTRY--PERSONAL NAME | |
| Personal name | Küppers, Norbert F. |
No items available.